000 00333nam a2200145Ia 4500
008 230711s9999||||xx |||||||||||||| ||und||
041 _aENG
082 _a510
_bJA-M
100 _aJaggi,Mathur
245 0 _aMathematics for I.I.T
250 _a1st
260 _c1991
_aNew Delhi
_bKhanna Publishers
650 _aMathematics
942 _cBK
999 _c18
_d18